000 00626nam a2200277Ia 4500
005 20260324150659.0
008 008 260324s9999 xx 000 0 eng d
020 _a9780203841525
037 _aEBOOK
040 _aCRL
040 _beng
040 _cCRL
041 _2eng
041 _aeng
084 _qCRL
100 _aR Bassett
_91227242
245 0 _aDemocracy and Foreign Policy
260 _bTaylor and Francis
260 _c1952
365 _a
365 _b350
856 _uhttp://www.taylorfrancis.com/books/9780203841525
942 _cEBOOK
999 _c1837138
_d1837138